| 000 | 01259cam a2200277 i 4500 | ||
|---|---|---|---|
| 003 | SA-RiAUC | ||
| 005 | 20241019093318.0 | ||
| 008 | 241017s1958____ua g 00000 ara c | ||
| 040 |
_aSA-JeALM _bara _cSA-RiAUC _erda |
||
| 082 | 0 | 4 |
_a213 _qSA-RiAUC |
| 090 |
_a213 _bع ب د |
||
| 100 | 1 |
_aعبد الله الحداد، عبد الله بن علوي بن محمد، _d1044-1132 هجري _eمؤلف. |
|
| 245 | 1 | 2 |
_aالفصول العلمية والأصول الحكمية / _cعبد الله بن علوي بن محمد الحداد الحضرمي الشافعي ؛ ضبطها وعلق عليها حسنين محمد مخلوف. |
| 250 | _aالطبعة الأولى. | ||
| 264 | 3 |
_aالقاهرة : _bمطبعة لجنة البيان العربي _c1958 |
|
| 300 |
_a120 صفحة ؛ _c20 سم |
||
| 336 |
_aنص _btxt _2rdacontent _3كتاب |
||
| 337 |
_aبدون وسيط _bn _2rdamedia |
||
| 338 |
_aمجلد _bnc _2rdacarrier |
||
| 490 | 0 |
_aسلسلة كتب الإمام الحداد _v4 |
|
| 650 | 7 |
_aالأشاعرة (فرقة إسلامية) _2aucsh |
|
| 650 | 7 |
_aعلم الكلام _2aucsh |
|
| 700 |
_aمخلوف, حسنين محمد. _eضبطها وعلق عليها. |
||
| 942 |
_2ddc _cBOOK _n0 |
||
| 949 |
_aSA-JeALM _d241017 _umohamedma123 _n1 |
||
| 999 |
_c1487 _d1487 |
||